00418 2200157 4500001002100000008004100021035002000062245005900082100003200141250000600173260003300179084001400212082000800226650001400234990001200248INLIS000000000001517 ind  a0010-0125000015 aKamus Bahasa Jawa Edisi 2cTim Balai Bahasa Yogyakarta aTim Balai Bahasa Yogyakarta a1 aYogyakarta :bKanisiusc2011 a419 TIM k a419 aReferensi a0714940